000
00295nam a2200109Ia 4500
008
221009s9999 xx 000 0 und d
082
_a
001
100
_a
Takshshila Publication
_9
78699
245
0
_a
MPPSC Prilims solveld papers Question Paper -1
260
_b
Takshshila Publication
942
_c
BK
999
_c
65224
_d
65224